Dire Straits Discography quiz - Statistics

General Stats
  • This quiz has been taken 28 times
  • The average score is 5 of 6
Answer Stats
Year released Answer % Correct
1978 Dire Straits
100%
1985 Brothers in arms
96%
1980 Making movies
89%
1979 Communique
81%
1982 Love over gold
78%
1991 On every street
67%
No matching quizzes found
Score Distribution
Percent of People with Each Score
Percentile by Number Answered
Your Score History
You have not taken this quiz